|
|
|
|
| LEADER |
01201nam a22002537a 4500 |
| 001 |
38168 |
| 003 |
BD-DhAAL |
| 008 |
220321t2012 bg |||| |||| 00| 0 ben d |
| 999 |
|
|
|c 43828
|d 43828
|
| 020 |
|
|
|a 9789848557037
|
| 040 |
|
|
|a BD-DhAAL
|
| 082 |
|
|
|a 306.4495492
|
| 100 |
|
|
|a আহমদ, ফয়েজ
|9 47212
|
| 245 |
|
|
|a আমার সাম্প্রতিক লেখা :
|b ভাষা-আন্দোলন ও মুক্তিযুদ্ধ, রাজনীতি, সংবাদপত্র /
|c ফয়েজ আহমদ
|
| 246 |
|
|
|a Amar samprotik lekha
|
| 260 |
|
|
|a ঢাকা :
|b সূচীপত্র,
|c ২০১২.
|
| 300 |
|
|
|a ৭৯ পৃষ্ঠা ;
|c ২২ সে.মি.
|
| 541 |
|
|
|a Donated By Akbar Ali Khan
|e 38168
|
| 650 |
|
|
|a Bengali language movement.
|9 47213
|
| 650 |
|
|
|a Bengali language
|x Political aspects
|z Bangladesh.
|9 47214
|
| 651 |
|
|
|a Bangladesh
|x History
|y Revolution, 1971.
|9 47215
|
| 852 |
|
|
|a Ayesha Abed Library
|c Akbar Ali Khan Collection
|
| 942 |
|
|
|2 ddc
|c BK
|
| 952 |
|
|
|0 0
|1 0
|2 ddc
|4 0
|6 306_449549200000000_AHM
|7 1
|9 70209
|a BRACUL
|b BRACUL
|c AAKC
|d 2022-03-21
|e Donated by Akbar Ali Khan
|l 0
|o 306.4495492 AHM
|p 3010038168
|r 2022-03-21
|t 1
|w 2022-03-21
|y BK
|